Giáo dục chuẩn mực xã hội đối với trẻ vị thành niên phạm pháp trong các trường giáo dưỡng /

Bewaard in:
Bibliografische gegevens
Hoofdauteur: Trần Lệ Thanh.
Formaat: Artikel
Taal:Vietnamese
Onderwerpen:
Tags: Voeg label toe
Geen labels, Wees de eerste die dit record labelt!
Thư viện lưu trữ: Thư viện Trường Đại học Đà Lạt
LEADER 00841nam a2200277 4500
001 DLU080064140
005 ##20081215
040 # # |a DLU  |b vie 
041 # # |a vie 
044 # # |a vn 
100 # # |a Trần Lệ Thanh. 
245 # # |a Giáo dục chuẩn mực xã hội đối với trẻ vị thành niên phạm pháp trong các trường giáo dưỡng /  |c Trần Lệ Thanh. 
653 # # |a Giáo dục 
653 # # |a Trẻ phạm pháp 
653 # # |a Trường giáo dưỡng 
773 # # |t Tạp chí Tâm lý học  |g Số 4, 2008, tr. 30-35. 
920 # # |a Phòng Tạp chí -- Trung tâm Thông tin - Thư viện Trường Đại học Đà Lạt 
933 # # |a XH 
994 # # |a DLU 
900 # # |a True 
911 # # |a Hoàng Thị Huyền 
925 # # |a G 
926 # # |a A 
927 # # |a BB 
980 # # |a Thư viện Trường Đại học Đà Lạt